Score 0/32 Timer 06:00
0 Plays Today
% Correct
Big Brother
97.3%
Killerhurtz
96.6%
Robot the Bruce
94.6%
Roadblock
93.9%
Nemesis
93.9%
Mace 2
91.8%
Vercingetorix
91.2%
Recyclopse
90.5%
Bodyhammer
90.5%
Kater Killer
90.5%
Knightmare
88.4%
Groundhog
87.1%
Detonator
81.6%
Wizard
76.2%
Lambsy
72.8%
Maverick
70.1%
% Correct
Cunning Plan
68.7%
Hot Pants
68.7%
Zeus
63.3%
Piece De Resistance
62.6%
Limpet
59.9%
Skarab
55.8%
Purple Predator
55.8%
Attila the Drum
50.3%
T-Bone
49%
Flirty Skirty
41.5%
A-Kill
40.1%
Pain
36.7%
Rottweiler
35.4%
Black Widow
32%
Saw Point
29.9%
Victor 2
24.5%
Remove Ads.
Support Sporcle.
Get the best of Sporcle when you Go Orange. This ad-free experience offers more features, more stats, and more fun while also helping to support Sporcle. Thank you for becoming a member.

You're not logged in!

Compare scores with friends on all Sporcle quizzes.
OR
Log In

Show Comments

Extras

Top Quizzes Today


Score Distribution

Your Account Isn't Verified!

In order to create a playlist on Sporcle, you need to verify the email address you used during registration. Go to your Sporcle Settings to finish the process.

Report this User

Report this user for behavior that violates our Community Guidelines.

Details: